The chemical formulary. A collection of valuable, timely, practical commercial formulae and recipes for making thousands of products in many fields of industry. Vol. 8 /
Gespeichert in:
| 1. Verfasser: | |
|---|---|
| Format: | Buch |
| Sprache: | Englisch |
| Veröffentlicht: |
[S.l.] :
[s.n.]
1948
|
| Online-Zugang: |
|
| Tags: |
Tag hinzufügen
Keine Tags, Fügen Sie den ersten Tag hinzu!
|
MARC
| LEADER | 00000nam a2200000 4500 | ||
|---|---|---|---|
| 003 | SK-BrCVT | ||
| 005 | 20220617220703.0 | ||
| 008 | 050605s1948 xxu e ||||||eng d | ||
| 035 | |a CVTIDW0976955 | ||
| 040 | |b slo |a CVTI SR | ||
| 041 | 0 | |a eng | |
| 044 | |a xxu | ||
| 080 | |a 66 |2 UDC-MRF | ||
| 100 | 1 | |a Bennett, Harry. | |
| 242 | 1 | 0 | |a Zbierka chemických vzorcov. Zbierka hodnotných, aktuálnych, praktických obchodných formúl a návodov na výrobu tisícov produktov v mnohých priemyselných odvetviach. Zv. 8 |
| 245 | 1 | 4 | |a The chemical formulary. A collection of valuable, timely, practical commercial formulae and recipes for making thousands of products in many fields of industry. Vol. 8 / |c Ed. By: Harry. Bennett |
| 260 | |c 1948 |a [S.l.] : |b [s.n.] | ||
| 300 | |a 26, 448 s. | ||
| 910 | |b A049369 | ||
| 974 | |f Knihy | ||
| 992 | |a APP | ||
| 999 | |c 146377 |d 146377 | ||